Quiz sur le Tarn - Statistiques

Statistiques générales
  • Ce quiz a été pris 670 fois
  • Le résultat moyen est 14 sur 20
Statistiques - réponses
Question Réponse % Correct
Numéro de département 81
98%
Région Occitanie
98%
Préfecture Albi
94%
Haute-Garonne
87%
Aveyron
86%
Sous-préfecture Castres
85%
Tarn-et-Garonne
85%
Cordes-sur-Ciel reçut le titre de ... préféré des français en 2014. Village
79%
Départements limitrophes Aude
74%
Gentilé Tarnais
73%
Hérault
68%
Homme politique pacifiste des XIXème et XXème siècles, reposant au Panthéon mais natif du Tarn. Jean Jaurès
64%
Nom de la cathédrale présente sur ce site. Cathédrale Sainte-Cécile d'Albi
63%
Le village de Lautrec est connu pour la production de ce bulbe. L'ail rose
63%
Deux portions de ce sentier touristique et spirituel passent dans le Tarn. Chemins de Saint-Jacques de Compostelle
62%
La cité épiscopale de la préfecture a été classée par cet organisme à la renommée internationale. UNESCO
58%
Massif montagneux s'étendant sur l'est du département. Le Massif Central
48%
Celui de Gaillac est l'un des plus vieux de France. Vignoble
40%
Nombre d'habitants (arrondi à la dizaine de milliers d'habitants) 390 000 (387 890)
27%
La sous-préfecture est également connue sous le surnom de ''Petite Venise du ...''. Languedoc
14%
Aucun quiz correspondant
Distribution des résultats
% des personnes avec chaque résultat
Percentile par nombre de réponses
Votre historique - résultats
Vous n’avez pas pris ce quiz